000 00958nam a22003017a 4500
001 7545
003 FISKH
005 20250723153604.0
008 250723b cb ||||| |||| 00| 0 eng d
020 _a9782894502358
040 _aFISKH
_beng
_cFISKH
_dFISKH
050 _aPZ7
082 _a 155.4
100 _aNadeau, Nicole
245 _aCaillou :
_bThe babysitter /
_cText : Nicole Nadeau ; Illustrations : Claude Lapierre
250 _aThis edition first published in 2001
260 _aCanada :
_bChouette,
_c1956
300 _a22 unnumbered pages :
_bcolor illustrations ;
_c21 cm
505 _aG
520 _aCaillou feels abandoned when his parents go out without him, but his babysitter Lisa helps him to overcome it.
521 8 _a370
_bLexile
521 8 _aG
_bRaz-Plus
650 _2Babysitter
_aCaillou
650 _2Fiction
_aLevel 10
700 _aLapierre, Claude
_dillustrator
942 _2ddc
_cBK
_n0
999 _c7545
_d7545